[Event "Team men HL 2016"]
[Site "Sochi"]
[Date "2016.05.07"]
[Round "6.14"]
[White "Sychev, Klementy"]
[Black "Levin, Evgeny A."]
[Result "1-0"]
[LiveChessVersion "1.4.4"]
[BlackElo "2510"]
[WhiteElo "2419"]

1. d4 {[%clk 1:30:57]} Nf6 {[%clk 1:30:56]} 2. c4 {[%clk 1:31:21]} e6
{[%clk 1:31:23]} 3. Nf3 {[%clk 1:31:46]} b6 {[%clk 1:31:49]} 4. Nc3
{[%clk 1:32:11]} Bb4 {[%clk 1:31:30]} 5. e3 {[%clk 1:32:34]} Bb7 {[%clk 1:31:48]}
6. Bd3 {[%clk 1:32:57]} O-O {[%clk 1:31:56]} 7. O-O {[%clk 1:33:22]} c5
{[%clk 1:32:02]} 8. Na4 {[%clk 1:33:45]} cxd4 {[%clk 1:32:25]} 9. exd4
{[%clk 1:34:11]} Re8 {[%clk 1:32:13]} 10. a3 {[%clk 1:34:35]} Bf8
{[%clk 1:30:58]} 11. b4 {[%clk 1:34:51]} d6 {[%clk 1:23:21]} 12. Re1
{[%clk 1:27:14]} Nbd7 {[%clk 1:23:27]} 13. Bb2 {[%clk 1:27:08]} Rc8
{[%clk 1:20:41]} 14. Bf1 {[%clk 1:24:41]} Ne4 {[%clk 0:46:12]} 15. Bd3
{[%clk 0:51:26]} Nef6 {[%clk 0:39:08]} 16. Nc3 {[%clk 0:51:37]} a6
{[%clk 0:39:01]} 17. Bf1 {[%clk 0:51:33]} g6 {[%clk 0:35:49]} 18. Nd2
{[%clk 0:51:22]} Nh5 {[%clk 0:33:00]} 19. Nb3 {[%clk 0:48:53]} Qg5
{[%clk 0:28:20]} 20. Bc1 {[%clk 0:27:27]} Qh4 {[%clk 0:27:43]} 21. g3
{[%clk 0:24:08]} Qd8 {[%clk 0:26:58]} 22. Be3 {[%clk 0:23:52]} Nhf6
{[%clk 0:25:11]} 23. Rc1 {[%clk 0:23:08]} Rc7 {[%clk 0:21:38]} 24. a4
{[%clk 0:16:13]} Qa8 {[%clk 0:21:41]} 25. a5 {[%clk 0:15:58]} Bf3
{[%clk 0:18:18]} 26. Qd3 {[%clk 0:14:47]} Rec8 {[%clk 0:07:18]} 27. Nd2
{[%clk 0:08:31]} bxa5 {[%clk 0:07:23]} 28. bxa5 {[%clk 0:08:38]} Bc6
{[%clk 0:06:45]} 29. h3 {[%clk 0:06:22]} Bb7 {[%clk 0:05:55]} 30. f4
{[%clk 0:05:03]} e5 {[%clk 0:04:47]} 31. fxe5 {[%clk 0:04:50]} dxe5
{[%clk 0:05:12]} 32. d5 {[%clk 0:05:18]} Nc5 {[%clk 0:05:11]} 33. Qe2
{[%clk 0:05:18]} Nfd7 {[%clk 0:03:55]} 34. g4 {[%clk 0:03:04]} Re8
{[%clk 0:04:20]} 35. g5 {[%clk 0:01:39]} Qd8 {[%clk 0:03:39]} 36. Nde4
{[%clk 0:01:14]} Nb3 {[%clk 0:03:22]} 37. Rb1 {[%clk 0:01:15]} Nd4
{[%clk 0:03:18]} 38. Qf2 {[%clk 0:01:38]} Ba8 {[%clk 0:02:21]} 39. h4
{[%clk 0:01:09]} Nf5 {[%clk 0:01:16]} 40. Bb6 {[%clk 0:30:54]} Qc8
{[%clk 0:31:05]} 41. Bxc7 {[%clk 0:28:15]} Qxc7 {[%clk 0:31:00]} 42. Bh3
{[%clk 0:10:34]} Qxc4 {[%clk 0:27:12]} 43. Bxf5 {[%clk 0:10:57]} gxf5
{[%clk 0:27:36]} 44. Qxf5 {[%clk 0:11:25]} Bc5+ {[%clk 0:27:39]} 45. Kh2
{[%clk 0:08:43]} Rd8 {[%clk 0:25:53]} 46. Rf1 {[%clk 0:07:53]} Bxd5
{[%clk 0:26:18]} 47. Nxd5 {[%clk 0:08:18]} Qxd5 {[%clk 0:26:41]} 48. Rbd1
{[%clk 0:07:16]} Bd4 {[%clk 0:26:22]} 49. Rxd4 {[%clk 0:06:33]} Qxd4
{[%clk 0:25:05]} 50. Qxf7+ {[%clk 0:06:59]} Kh8 {[%clk 0:25:30]} 51. g6
{[%clk 0:07:22]} hxg6 {[%clk 0:25:12]} 52. Qxg6 {[%clk 0:07:48]} Rf8
{[%clk 0:18:57]} 53. Qh5+ {[%clk 0:08:01]} 1-0

[Event "Team men HL 2016"]
[Site "Sochi"]
[Date "2016.05.07"]
[Round "6.15"]
[White "Usmanov, Vasily"]
[Black "Ulko, Jaroslav"]
[Result "1/2-1/2"]
[LiveChessVersion "1.4.4"]
[BlackElo "2441"]
[WhiteElo "2436"]

1. d4 {[%clk 1:30:56]} Nf6 {[%clk 1:30:51]} 2. c4 {[%clk 1:31:22]} e6
{[%clk 1:31:16]} 3. g3 {[%clk 1:31:36]} d5 {[%clk 1:31:37]} 4. Nf3
{[%clk 1:31:57]} dxc4 {[%clk 1:31:49]} 5. Bg2 {[%clk 1:32:21]} a6
{[%clk 1:32:10]} 6. O-O {[%clk 1:30:10]} Nc6 {[%clk 1:32:32]} 7. Bg5
{[%clk 1:29:26]} Be7 {[%clk 1:28:21]} 8. e3 {[%clk 1:28:11]} Bd7 {[%clk 1:24:48]}
9. Nc3 {[%clk 1:14:23]} O-O {[%clk 1:12:29]} 10. Ne5 {[%clk 0:56:23]} Nxe5
{[%clk 1:09:01]} 11. dxe5 {[%clk 0:55:54]} Nd5 {[%clk 1:09:25]} 12. Bxe7
{[%clk 0:56:09]} Qxe7 {[%clk 1:09:34]} 13. Nxd5 {[%clk 0:56:03]} exd5
{[%clk 1:09:50]} 14. Qxd5 {[%clk 0:56:28]} Bc6 {[%clk 1:10:09]} 15. Qxc4
{[%clk 0:56:54]} Bxg2 {[%clk 1:10:32]} 16. Kxg2 {[%clk 0:57:18]} Qxe5
{[%clk 1:10:54]} 17. Rac1 {[%clk 0:45:31]} c6 {[%clk 1:03:56]} 18. Rfd1
{[%clk 0:30:59]} Rad8 {[%clk 1:01:25]} 19. Qb4 {[%clk 0:31:06]} Qc7
{[%clk 1:00:32]} 20. a4 {[%clk 0:30:23]} h6 {[%clk 0:41:45]} 21. a5
{[%clk 0:28:44]} Rfe8 {[%clk 0:42:10]} 22. Qc5 {[%clk 0:23:31]} f6
{[%clk 0:36:33]} 23. b4 {[%clk 0:19:27]} Qf7 {[%clk 0:23:17]} 24. Rd4
{[%clk 0:17:01]} Rxd4 {[%clk 0:23:11]} 25. Qxd4 {[%clk 0:17:25]} Re5
{[%clk 0:23:17]} 26. Rc5 {[%clk 0:15:19]} Re7 {[%clk 0:22:59]} 27. h4
{[%clk 0:14:38]} Rd7 {[%clk 0:18:03]} 28. Qg4 {[%clk 0:14:43]} Qe7
{[%clk 0:12:51]} 29. Rc4 {[%clk 0:12:56]} Rd5 {[%clk 0:10:37]} 30. Re4
{[%clk 0:13:03]} Qd7 {[%clk 0:10:00]} 31. Qg6 {[%clk 0:05:25]} Kf8
{[%clk 0:07:42]} 32. Rf4 {[%clk 0:04:45]} Rd1 {[%clk 0:05:33]} 33. g4
{[%clk 0:03:10]} Qd3 {[%clk 0:02:00]} 34. Qxd3 {[%clk 0:01:30]} Rxd3
{[%clk 0:02:27]} 35. Kf3 {[%clk 0:00:40]} Kf7 {[%clk 0:02:18]} 36. g5
{[%clk 0:00:32]} hxg5 {[%clk 0:02:38]} 37. hxg5 {[%clk 0:01:01]} Rd5
{[%clk 0:02:40]} 38. gxf6 {[%clk 0:01:23]} gxf6 {[%clk 0:03:01]} 39. Rd4
{[%clk 0:00:35]} Rb5 {[%clk 0:02:57]} 40. Ke4 {[%clk 0:30:32]} Ke6
{[%clk 0:32:47]} 41. Kd3 {[%clk 0:30:19]} c5 {[%clk 0:31:19]} 42. bxc5
{[%clk 0:30:27]} Rxc5 {[%clk 0:31:23]} 43. Rb4 {[%clk 0:30:24]} Rxa5
{[%clk 0:31:09]} 44. Rxb7 {[%clk 0:27:21]} Ra2 {[%clk 0:28:48]} 45. Rb6+
{[%clk 0:27:16]} Kf5 {[%clk 0:28:33]} 46. e4+ {[%clk 0:27:25]} Ke5
{[%clk 0:28:33]} 47. f4+ {[%clk 0:27:40]} Kxf4 {[%clk 0:28:55]} 48. Rxf6+
{[%clk 0:28:07]} 1/2-1/2

[Event "Team men HL 2016"]
[Site "Sochi"]
[Date "2016.05.07"]
[Round "6.16"]
[White "Benza, Artem"]
[Black "Palchun, Grigory"]
[Result "0-1"]
[LiveChessVersion "1.4.4"]
[BlackElo "2320"]
[WhiteElo "2334"]

1. e4 {[%clk 1:30:54]} e5 {[%clk 1:30:54]} 2. Nf3 {[%clk 1:31:14]} Nc6
{[%clk 1:31:21]} 3. Nc3 {[%clk 1:28:48]} Nf6 {[%clk 1:31:40]} 4. d4
{[%clk 1:29:03]} Bb4 {[%clk 1:28:02]} 5. d5 {[%clk 1:25:55]} Ne7 {[%clk 1:24:59]}
6. Qd3 {[%clk 1:15:42]} Ng6 {[%clk 1:20:09]} 7. Bd2 {[%clk 1:14:47]} O-O
{[%clk 1:13:51]} 8. a3 {[%clk 1:09:45]} Bxc3 {[%clk 1:11:09]} 9. Bxc3
{[%clk 1:09:38]} d6 {[%clk 1:11:35]} 10. g3 {[%clk 1:07:46]} Ne8 {[%clk 1:10:14]}
11. Bg2 {[%clk 0:55:43]} f5 {[%clk 1:10:34]} 12. Nd2 {[%clk 0:55:15]} fxe4
{[%clk 1:07:34]} 13. Nxe4 {[%clk 0:49:07]} Nf6 {[%clk 1:06:47]} 14. Nxf6+
{[%clk 0:42:28]} Qxf6 {[%clk 1:05:44]} 15. O-O {[%clk 0:42:33]} Bf5
{[%clk 1:01:51]} 16. Qb5 {[%clk 0:33:50]} Bxc2 {[%clk 0:53:47]} 17. f4
{[%clk 0:32:58]} Qe7 {[%clk 0:54:00]} 18. Rae1 {[%clk 0:31:43]} e4
{[%clk 0:47:55]} 19. Qb4 {[%clk 0:27:07]} Qf7 {[%clk 0:41:13]} 20. Qd4
{[%clk 0:25:54]} Rfe8 {[%clk 0:26:39]} 21. Bh3 {[%clk 0:14:24]} Nf8
{[%clk 0:25:37]} 22. Rf2 {[%clk 0:13:23]} Bb3 {[%clk 0:21:43]} 23. Rd2
{[%clk 0:13:29]} c5 {[%clk 0:21:31]} 24. dxc6 {[%clk 0:13:36]} bxc6
{[%clk 0:21:37]} 25. Qxd6 {[%clk 0:13:29]} Bd5 {[%clk 0:21:40]} 26. Bg2
{[%clk 0:12:38]} Rad8 {[%clk 0:21:32]} 27. Qb4 {[%clk 0:12:21]} e3
{[%clk 0:19:42]} 28. Rde2 {[%clk 0:12:04]} Bxg2 {[%clk 0:20:07]} 29. Kxg2
{[%clk 0:11:44]} Qd5+ {[%clk 0:20:03]} 30. Kg1 {[%clk 0:12:07]} Qf3
{[%clk 0:10:45]} 31. Qc5 {[%clk 0:10:51]} Rd3 {[%clk 0:10:51]} 32. Qg5
{[%clk 0:07:13]} Rd7 {[%clk 0:09:49]} 33. Qc5 {[%clk 0:06:39]} Rd3
{[%clk 0:09:01]} 34. Qxa7 {[%clk 0:05:28]} Nd7 {[%clk 0:09:22]} 35. Qa5
{[%clk 0:03:33]} Rd1 {[%clk 0:08:48]} 36. Qa6 {[%clk 0:01:20]} Rxe1+
{[%clk 0:08:56]} 37. Bxe1 {[%clk 0:01:20]} Nc5 {[%clk 0:05:14]} 38. Qc4+
{[%clk 0:01:38]} Qd5 {[%clk 0:03:59]} 39. Qc2 {[%clk 0:00:56]} Nb3
{[%clk 0:03:17]} 40. Bc3 {[%clk 0:30:49]} c5 {[%clk 0:31:39]} 41. Bxg7
{[%clk 0:17:28]} Nd4 {[%clk 0:18:48]} 42. Bxd4 {[%clk 0:17:51]} cxd4
{[%clk 0:19:17]} 43. Qd3 {[%clk 0:17:58]} Qe4 {[%clk 0:18:52]} 44. Qc4+
{[%clk 0:16:30]} Kg7 {[%clk 0:15:10]} 45. Re1 {[%clk 0:08:16]} d3
{[%clk 0:11:19]} 46. Qc3+ {[%clk 0:07:53]} Kg8 {[%clk 0:11:39]} 47. Qb3+
{[%clk 0:08:11]} Kf8 {[%clk 0:12:00]} 48. Qc3 {[%clk 0:07:30]} d2
{[%clk 0:11:23]} 49. Qf6+ {[%clk 0:07:43]} Kg8 {[%clk 0:11:48]} 50. Qg5+
{[%clk 0:07:09]} Qg6 {[%clk 0:11:49]} 51. Qd5+ {[%clk 0:06:21]} Qf7
{[%clk 0:11:38]} 52. Qg5+ {[%clk 0:06:28]} Kh8 {[%clk 0:12:00]} 0-1

[Event "Team men HL chess 2016"]
[Site "Sochi"]
[Date "2016.05.07"]
[Round "6.5"]
[White "Chekhov, Sergei"]
[Black "Smirnov, Alexey"]
[Result "1/2-1/2"]
[WhiteElo "2465"]
[BlackElo "2445"]
[PlyCount "106"]
[EventDate "2016.05.01"]

1. e4 c5 2. c3 Nf6 3. e5 Nd5 4. d4 cxd4 5. Qxd4 e6 6. Bc4 Nc6 7. Qe4 Nb6 8. Bb3
d5 9. exd6 Bxd6 10. Nf3 Nd7 11. Bc2 Nf6 12. Qh4 b6 13. Bg5 Be7 14. O-O Nd5 15.
Bxe7 Qxe7 16. Qg3 O-O 17. Nbd2 Bb7 18. Rfe1 Rfd8 19. Ne4 h6 20. Rad1 Nf6 21.
Nd6 Qc7 22. Nxb7 Qxb7 23. Qf4 Qe7 24. g3 Rxd1 25. Rxd1 Rd8 26. Rxd8+ Qxd8 27.
Qd2 Qc7 28. Ba4 Ne4 29. Qe3 Nc5 30. Bc2 Ne7 31. Qe5 Qxe5 32. Nxe5 f6 33. Nd3
Nxd3 34. Bxd3 Kf7 35. h4 g5 36. hxg5 hxg5 37. Kf1 f5 38. Ke2 e5 39. Bc4+ Kf6
40. Ke3 e4 41. g4 Ke5 42. gxf5 Nxf5+ 43. Ke2 g4 44. Bf7 Kf4 45. Bd5 Ne7 46. Bb7
Nf5 47. b4 g3 48. fxg3+ Nxg3+ 49. Ke1 Ke3 50. c4 Kd4 51. c5 bxc5 52. bxc5 Kxc5
53. Kf2 Nf5 1/2-1/2

[Event "Team men HL chess 2016"]
[Site "Sochi"]
[Date "2016.05.07"]
[Round "6.5"]
[White "Babarykin, Stanislav"]
[Black "Rodin, Dmitrij"]
[Result "0-1"]
[WhiteElo "2396"]
[BlackElo "2363"]
[PlyCount "74"]
[EventDate "2016.05.01"]

1. e4 c5 2. Nf3 e6 3. d4 cxd4 4. Nxd4 a6 5. Nc3 Qc7 6. Bd3 Nf6 7. O-O d6 8. a4
Be7 9. Be3 b6 10. f4 Bb7 11. Qe2 Nbd7 12. Nb3 O-O 13. Bf2 Rfe8 14. Rae1 e5 15.
f5 d5 16. exd5 Bb4 17. Nd2 Bxc3 18. bxc3 Nxd5 19. Ne4 Nxc3 20. Nxc3 Qxc3 21.
Bc4 e4 22. Be3 Rac8 23. Bb3 Qc6 24. Bd4 e3 25. c3 Nf6 26. Rf3 Re4 27. Rg3 Rce8
28. Qa2 R8e7 29. Bc2 Rxd4 30. cxd4 Qc3 31. Re2 Bd5 32. Qb1 Bc4 33. Qe1 Qxd4 34.
Rexe3 Nd5 35. Kf2 Nxe3 36. Rxe3 Qf4+ 37. Rf3 Qh4+ 0-1

[Event "Team men HL chess 2016"]
[Site "Sochi"]
[Date "2016.05.07"]
[Round "6.5"]
[White "Zhurikhin, Alexander"]
[Black "Suslov, Evgeniy"]
[Result "1-0"]
[WhiteElo "2334"]
[BlackElo "2245"]
[PlyCount "85"]
[EventDate "2016.05.01"]

1. e4 d6 2. d4 Nf6 3. Nc3 Nc6 4. d5 Nb8 5. Nf3 g6 6. Bg5 Bg7 7. Qd2 c6 8. Be2
O-O 9. O-O Nbd7 10. Rfe1 Qc7 11. Bf1 a6 12. a4 Re8 13. Rad1 Rb8 14. h3 cxd5 15.
exd5 Nb6 16. b3 Bf5 17. a5 Rbc8 18. Re3 Na8 19. Nd4 Bd7 20. b4 Qd8 21. Rde1 Nc7
22. Nf3 e6 23. dxe6 Nxe6 24. Bh4 Bc6 25. Nd4 Nxd4 26. Rxe8+ Bxe8 27. Qxd4 Bc6
28. Qf4 h6 29. Qd2 g5 30. Bg3 Nh5 31. Nd5 Bxd5 32. Qxd5 Nxg3 33. fxg3 Qf6 34.
Qxb7 Rxc2 35. Qa8+ Bf8 36. Re8 Qf2+ 37. Kh2 Qxf1 38. Rxf8+ Kg7 39. Rg8+ Kf6 40.
Qd8+ Ke5 41. Re8+ Kd5 42. Qa8+ Kd4 43. Qe4+ 1-0

[Event "Team men HL chess 2016"]
[Site "Sochi"]
[Date "2016.05.07"]
[Round "6.5"]
[White "Meshkov, Yuri A"]
[Black "Kostin, Alexey"]
[Result "1/2-1/2"]
[WhiteElo "2354"]
[BlackElo "2288"]
[PlyCount "120"]
[EventDate "2016.05.01"]

1. d4 Nf6 2. Bf4 e6 3. e3 b6 4. Nd2 Bb7 5. Ngf3 c5 6. c3 Nc6 7. h3 Be7 8. Bd3
Rc8 9. Qe2 d6 10. O-O O-O 11. Rad1 Rc7 12. dxc5 bxc5 13. e4 Qa8 14. Rfe1 Rd7
15. Bb5 Rdd8 16. Ba6 Qc8 17. Bd3 Qa8 18. Bc2 Rfe8 19. Ba4 Nd7 20. Nf1 Nf8 21.
Bg3 d5 22. e5 Rc8 23. h4 Red8 24. h5 h6 25. N1h2 d4 26. Bc2 a5 27. a4 c4 28.
Be4 d3 29. Qe3 Nb8 30. Nd2 Nbd7 31. Qf4 Bg5 32. Qf3 Nc5 33. Bxb7 Qxb7 34. Nxc4
d2 35. Rf1 Ne4 36. Nxa5 Qd5 37. Bf4 Bxf4 38. Qxf4 Ng5 39. b4 Rxc3 40. b5 Rd7
41. Qb4 Rd3 42. Nc6 Ne4 43. Ng4 Nc3 44. Rxd2 Rxd2 45. Qxc3 Rd1 46. Ne3 Rxf1+
47. Kxf1 Qa2 48. Qc2 Qa1+ 49. Ke2 Qh1 50. g4 Nh7 51. Nb4 Rd4 52. Qc3 Rf4 53.
Qc8+ Nf8 54. Nc6 Qf3+ 55. Kd3 Qe4+ 56. Ke2 Qxa4 57. Ne7+ Kh7 58. Qxf8 Qxb5+ 59.
Ke1 Qb1+ 60. Ke2 Qb2+ 1/2-1/2

[Event "Team men HL chess 2016"]
[Site "Sochi"]
[Date "2016.05.07"]
[Round "6.6"]
[White "Tekeyev, Zaur"]
[Black "Tukhaev, Adam"]
[Result "1/2-1/2"]
[WhiteElo "2350"]
[BlackElo "2536"]
[PlyCount "120"]
[EventDate "2016.05.01"]

1. e4 e5 2. Nf3 Nc6 3. Bc4 Nf6 4. d3 Be7 5. Nc3 O-O 6. h3 d6 7. a4 h6 8. a5 a6
9. O-O Be6 10. Re1 Qd7 11. Bd2 Rae8 12. Nd5 Bd8 13. Ba2 Na7 14. c4 c6 15. Nxf6+
Bxf6 16. Be3 Nc8 17. Qd2 Ne7 18. d4 exd4 19. Nxd4 c5 20. Nxe6 Qxe6 21. Rad1 Rd8
22. b3 Nc6 23. Bb1 Rfe8 24. Qd3 Nb4 25. Qd2 Qe5 26. f4 Qc3 27. e5 Qxd2 28. Rxd2
dxe5 29. Rxd8 Rxd8 30. Bxc5 Nc6 31. fxe5 Bxe5 32. Be4 Bc3 33. Rf1 Bxa5 34. Bxc6
bxc6 35. Ra1 Bc7 36. Rxa6 Bg3 37. Kf1 Rb8 38. b4 Re8 39. Bf2 Bxf2 40. Kxf2 Rb8
41. Ra4 Re8 42. b5 cxb5 43. cxb5 Rb8 44. Rb4 Kf8 45. Ke3 Ke7 46. Kd4 Kd6 47.
Rb2 Rc8 48. Ra2 Rb8 49. Ra6+ Kd7 50. Kc5 Rc8+ 51. Kd5 Rc2 52. Ra7+ Kc8 53. g4
Rf2 54. Kd6 g5 55. Ke7 f5 56. gxf5 Rxf5 57. Ra8+ Kb7 58. Rh8 Rxb5 59. Rxh6 Rb3
60. Kf6 Rg3 1/2-1/2

[Event "Team men HL chess 2016"]
[Site "Sochi"]
[Date "2016.05.07"]
[Round "6.6"]
[White "Gabrielian, Artur"]
[Black "Bykov, Egor"]
[Result "1-0"]
[WhiteElo "2520"]
[BlackElo "2330"]
[PlyCount "133"]
[EventDate "2016.05.01"]

1. e4 e6 2. d4 d5 3. Nc3 Nf6 4. Bg5 Be7 5. e5 Nfd7 6. Bxe7 Qxe7 7. f4 a6 8. Nf3
c5 9. Qd2 Nc6 10. dxc5 O-O 11. Bd3 Nxc5 12. O-O-O b5 13. Rhe1 b4 14. Ne2 a5 15.
Kb1 Ba6 16. Ned4 Nxd4 17. Nxd4 Rfc8 18. f5 b3 19. f6 gxf6 20. Nxb3 Bxd3 21.
cxd3 Nxb3 22. axb3 a4 23. exf6 Qxf6 24. Rf1 Qe7 25. bxa4 Rxa4 26. Rf4 Rca8 27.
Rxa4 Rxa4 28. Rc1 Qf6 29. Qe3 Qf4 30. Qxf4 Rxf4 31. Ka2 Rf2 32. Ka3 Rxg2 33. b4
f5 34. b5 Kf7 35. b6 Rg8 36. d4 Rb8 37. Rc6 f4 38. Kb4 Kf6 39. Kb5 Kf5 40. Rc7
f3 41. Rf7+ Ke4 42. Kc6 e5 43. dxe5 d4 44. e6 d3 45. e7 d2 46. Rf8 d1=Q 47.
Rxb8 Qd5+ 48. Kc7 Qe5+ 49. Kd7 f2 50. Rf8 Qd4+ 51. Kc7 Qc4+ 52. Kb8 f1=Q 53.
e8=Q+ Kd4 54. Rxf1 Qxf1 55. b7 Kc3 56. Qc6+ Kb3 57. Qb6+ Kc2 58. Qc5+ Kb1 59.
Ka7 Qf7 60. Qg1+ Kc2 61. Qg2+ Kd1 62. Ka8 Qf6 63. Qd5+ Ke2 64. Qb5+ Kf2 65.
b8=Q Qf3+ 66. Ka7 Qa3+ 67. Kb6 1-0

[Event "Team men HL chess 2016"]
[Site "Sochi"]
[Date "2016.05.07"]
[Round "6.6"]
[White "Nechaev, Oleg"]
[Black "Yandarbiev, Ruslan"]
[Result "1/2-1/2"]
[WhiteElo "2343"]
[BlackElo "2353"]
[PlyCount "275"]
[EventDate "2016.05.01"]

1. c4 Nf6 2. Nc3 g6 3. e4 d6 4. g3 Bg7 5. Bg2 O-O 6. Nge2 c5 7. O-O Nc6 8. d3
a6 9. Rb1 Rb8 10. a4 Ne8 11. Be3 Bd7 12. d4 cxd4 13. Nxd4 Nf6 14. f3 Qa5 15.
Qd2 Qb4 16. Nc2 Qxc4 17. b3 Qe6 18. Nd5 Be8 19. Bg5 Nd7 20. b4 f6 21. Be3 Nde5
22. Nc7 Qf7 23. b5 axb5 24. axb5 Nc4 25. Qd5 Nxe3 26. Nxe3 Nd8 27. Qd3 Bd7 28.
f4 Ne6 29. b6 Nc5 30. Qd4 Bc6 31. f5 Qa2 32. Ned5 Rf7 33. Bh3 Bh6 34. Kh1 Qd2
35. Qc4 Kg7 36. Rbd1 Qb2 37. Ne6+ Kh8 38. Nxc5 dxc5 39. Qxc5 Qe5 40. Bg2 Rd8
41. Qc4 Rff8 42. Qb4 e6 43. fxe6 Qxe6 44. Rde1 Qe5 45. Rf2 Rd6 46. Rff1 Re8 47.
Bf3 Red8 48. Kg2 Re6 49. Re2 Bf8 50. Qc4 Red6 51. Qc1 Kg7 52. Kh1 Bb5 53. Rc2
Bxf1 54. Qxf1 Rc6 55. Rf2 Bc5 56. Ra2 Bxb6 57. Qb5 Qd4 58. Kg2 h5 59. Rb2 Rdd6
60. Qb3 Kh6 61. Ne7 Rc7 62. Nd5 Rcc6 63. Ne7 Rc4 64. Kh3 Kg7 65. Qb5 Rd7 66.
Nxg6 Rc5 67. Qxb6 Kxg6 68. Qe6 Kg7 69. Rb6 Rf7 70. Rb3 Qf2 71. e5 Rxe5 72. Qc8
Rc5 73. Qe6 Qf1+ 74. Bg2 Qf5+ 75. Qxf5 Rxf5 76. Bxb7 Re7 77. Kh4 Rg5 78. Bf3
Kg6 79. Rb4 Re3 80. Rf4 Re7 81. Rb4 Rge5 82. Rb8 Rg7 83. Rh8 Rh7 84. Rxh7 Kxh7
85. Bxh5 Rd5 86. Bf7 Rd2 87. h3 Kh6 88. Kg4 Kg7 89. Be6 Rf2 90. Bf5 Kf7 91. h4
Ke7 92. h5 Rh2 93. Bg6 Kf8 94. Kf5 Rf2+ 95. Kg4 Kg7 96. Be4 Kh6 97. Bg6 Rb2 98.
Kf5 Rf2+ 99. Kg4 Rb2 100. Kf5 Kg7 101. Kf4 Rf2+ 102. Kg4 Kh6 103. Be4 Re2 104.
Bg6 Re1 105. Bf5 Ra1 106. Bg6 Ra3 107. Kf4 Kg7 108. Kg4 Ra4+ 109. Kf5 Rb4 110.
Be8 Rb8 111. Bg6 Rb5+ 112. Kf4 Rb2 113. Kg4 Rf2 114. Be4 Rh2 115. Bg6 Kf8 116.
Be4 Ke7 117. Bf5 Kd6 118. Bb1 Ke5 119. Bg6 Rh1 120. Bc2 Rc1 121. Bd3 Rc3 122.
Bg6 Rc4+ 123. Kh3 f5 124. Bf7 Rc6 125. Kh4 Kf6 126. Bd5 Rd6 127. Bf3 Rd3 128.
Be2 Rd2 129. Bf1 Rh2+ 130. Bh3 Kg7 131. g4 f4 132. g5 Rh1 133. h6+ Kg6 134. h7
Kxh7 135. Kg4 f3 136. Kg3 Kg6 137. Bg4 Kxg5 138. Kxf3 1/2-1/2

[Event "Team men HL chess 2016"]
[Site "Sochi"]
[Date "2016.05.07"]
[Round "6.6"]
[White "Kozak, Alexander"]
[Black "Rozhko, Dmitry"]
[Result "0-1"]
[WhiteElo "2280"]
[BlackElo "2298"]
[PlyCount "142"]
[EventDate "2016.05.01"]

1. e4 e6 2. d4 d5 3. Nc3 dxe4 4. Nxe4 Bd7 5. Nf3 Bc6 6. Bd3 Nd7 7. O-O Ngf6 8.
Ng3 Be7 9. Re1 O-O 10. c4 Bxf3 11. Qxf3 c6 12. b3 Re8 13. Bb2 Nf8 14. Re2 Qc7
15. Ne4 Nxe4 16. Bxe4 f5 17. Bd3 Bf6 18. Rae1 Qf7 19. Rd1 Rad8 20. Bb1 g5 21.
b4 Qg7 22. Red2 Re7 23. a4 Red7 24. Qe3 a5 25. c5 axb4 26. g3 g4 27. Rd3 b3 28.
a5 Rd5 29. Qd2 Nd7 30. Qb4 Nxc5 31. dxc5 Bxb2 32. Qxb3 Bd4 33. Ba2 Bxc5 34. Qc2
Rxd3 35. Bxe6+ Kh8 36. Rxd3 Bd4 37. Bxf5 Rf8 38. Rd2 Qf6 39. Bxg4 c5 40. Kg2
Qc6+ 41. f3 Qd5 42. Qd3 Rd8 43. Rc2 Qg5 44. Qe4 h5 45. Bf5 Rf8 46. Bg6 h4 47.
Qe6 hxg3 48. hxg3 Kg7 49. Be4 Rf7 50. Kh3 Qh5+ 51. Kg2 Qg5 52. Bd5 Re7 53. Qg8+
Kh6 54. Qxg5+ Kxg5 55. f4+ Kf5 56. Kh3 Rh7+ 57. Kg2 Rd7 58. Bf3 Be3 59. Rc4 Bd4
60. Rc1 Rc7 61. Rh1 c4 62. Rh5+ Kf6 63. Be4 c3 64. Rh6+ Kf7 65. Bc2 Rc5 66. Rb6
Rxa5 67. Rxb7+ Kf8 68. Rc7 Ra2 69. Kf3 Rxc2 70. Ke4 Rd2 71. g4 c2 0-1

[Event "Team men HL chess 2016"]
[Site "Sochi"]
[Date "2016.05.07"]
[Round "6.7"]
[White "Palachev, Petr"]
[Black "Demidov, Mikhail"]
[Result "1/2-1/2"]
[WhiteElo "2403"]
[BlackElo "2506"]
[PlyCount "133"]
[EventDate "2016.05.01"]

1. Nf3 Nf6 2. c4 e6 3. g3 d5 4. Bg2 c5 5. O-O dxc4 6. Qa4+ Bd7 7. Qxc4 Bc6 8.
b3 Nbd7 9. Bb2 Be7 10. d3 Rc8 11. Nbd2 O-O 12. Ne5 Bxg2 13. Kxg2 Nxe5 14. Bxe5
Qd5+ 15. Nf3 Nd7 16. Bb2 Bf6 17. Bxf6 Nxf6 18. Rac1 b6 19. Rfd1 Qb7 20. Qc3 h6
21. d4 Qa6 22. Qb2 cxd4 23. Nxd4 Rfd8 24. Kg1 Rc5 25. Nf3 Rxd1+ 26. Rxd1 Qc8
27. Ne5 Qc7 28. Nc4 Nd5 29. a4 a6 30. e4 Ne7 31. Qd4 Nc6 32. Qd6 Qxd6 33. Rxd6
b5 34. axb5 axb5 35. Na3 Kf8 36. Rd7 Rc1+ 37. Kg2 b4 38. Nc4 e5 39. Rd6 Nd4 40.
Nxe5 Nxb3 41. Rb6 Nc5 42. Rxb4 f6 43. Ng6+ Kf7 44. Nf4 Rc2 45. Rd4 g5 46. Nd5
Ke6 47. Ne3 Ra2 48. h4 h5 49. hxg5 fxg5 50. Rd8 Kf7 51. Rd4 Ke6 52. Kg1 Ra1+
53. Kg2 Ra2 54. Nf1 Rc2 55. Nd2 g4 56. Kf1 Nd7 57. Nc4 Nc5 58. Nd2 Nd7 59. Ke2
Ne5 60. Ke3 Rc3+ 61. Ke2 Rc2 62. Kf1 Ra2 63. Rd5 Ra1+ 64. Ke2 Ra2 65. Ke3 Ra3+
66. Ke2 Ra2 67. Ke3 1/2-1/2

[Event "Team men HL chess 2016"]
[Site "Sochi"]
[Date "2016.05.07"]
[Round "6.7"]
[White "Utnasunov, Alexander"]
[Black "Mokshanov, Alexey"]
[Result "1-0"]
[WhiteElo "2423"]
[BlackElo "2425"]
[PlyCount "97"]
[EventDate "2016.05.01"]

1. d4 d5 2. Bf4 Nf6 3. e3 c5 4. c3 Nc6 5. Nd2 cxd4 6. exd4 Bf5 7. Qb3 Qc8 8.
Ngf3 e6 9. Nh4 Bg6 10. Nxg6 hxg6 11. h3 Be7 12. Bd3 Nh5 13. Bh2 g5 14. g4 Nf4
15. Bxf4 gxf4 16. Nf3 g5 17. c4 dxc4 18. Bxc4 Kf8 19. Rc1 Na5 20. Qc3 b6 21.
Kf1 Qb7 22. Be2 Kg7 23. Kg2 Rac8 24. Qd3 Bf6 25. b4 Nc6 26. Qe4 Qa8 27. Ba6
Nxd4 28. Bb7 Rxc1 29. Bxa8 Rxh1 30. Nxd4 R1xh3 31. Nf3 Rh1 32. Qb7 a5 33. bxa5
bxa5 34. Qa7 Ra1 35. Qxa5 Rb8 36. a4 Kh6 37. Be4 Rb2 38. Qa7 Kg7 39. Bc6 Raa2
40. Be8 Rxf2+ 41. Qxf2 Rxf2+ 42. Kxf2 Bd8 43. Ne5 f5 44. Nc6 Bb6+ 45. Kf3 Kf6
46. a5 Bc5 47. a6 fxg4+ 48. Kxg4 e5 49. Kf3 1-0

[Event "Team men HL chess 2016"]
[Site "Sochi"]
[Date "2016.05.07"]
[Round "6.7"]
[White "Natacheev, Peter"]
[Black "Geivondian, Arman"]
[Result "1-0"]
[WhiteElo "2361"]
[BlackElo "2405"]
[PlyCount "99"]
[EventDate "2016.05.01"]

1. d4 d5 2. Bf4 Nf6 3. e3 e6 4. Nf3 c5 5. c3 Nc6 6. Nbd2 Bd6 7. Bg3 O-O 8. Bd3
b6 9. O-O Bxg3 10. hxg3 Qd6 11. Re1 Bb7 12. e4 dxe4 13. Nxe4 Nxe4 14. Bxe4 cxd4
15. Nxd4 Rad8 16. Qa4 Nxd4 17. Bxb7 Qc7 18. Be4 Nf5 19. Bxf5 exf5 20. Re2 Qd7
21. Qxd7 Rxd7 22. Rae1 g6 23. f3 Kg7 24. Re7 Rfd8 25. Kf2 Kf6 26. Rxd7 Rxd7 27.
Ke2 Re7+ 28. Kd2 Rd7+ 29. Kc2 h5 30. c4 Kg5 31. Re5 f6 32. Rd5 Re7 33. b4 h4
34. c5 bxc5 35. bxc5 hxg3 36. c6 Rc7 37. Rc5 Kf4 38. Kd3 g5 39. Kd4 g4 40. fxg4
fxg4 41. Rc3 f5 42. Kd5 Rc8 43. Kd6 Kg5 44. Rxg3 f4 45. Rc3 f3 46. gxf3 g3 47.
Rc4 Kf6 48. Rf4+ Kg5 49. Rg4+ Kf6 50. c7 1-0

[Event "Team men HL chess 2016"]
[Site "Sochi"]
[Date "2016.05.07"]
[Round "6.7"]
[White "Vastrukhin, Oleg"]
[Black "Slavin, Alexey"]
[Result "1/2-1/2"]
[WhiteElo "2401"]
[BlackElo "2366"]
[PlyCount "83"]
[EventDate "2016.05.01"]

1. g3 e5 2. Bg2 Nf6 3. c3 d5 4. d4 Nc6 5. Nf3 e4 6. Ne5 Nxe5 7. dxe5 Ng4 8. c4
Bc5 9. O-O e3 10. f3 Nxe5 11. cxd5 O-O 12. Qb3 Re8 13. Nc3 Bf5 14. Na4 Bd4 15.
Qb4 Qxd5 16. f4 Nc6 17. Qxb7 Be4 18. Nc3 Bxc3 19. Bxe4 Qxe4 20. bxc3 Qc4 21.
Ba3 Rad8 22. Qxc7 Rd2 23. Rfe1 h5 24. f5 Re4 25. f6 g6 26. Bd6 Qe6 27. Qxc6
Rxd6 28. Qa8+ Qe8 29. Qxe8+ Rxe8 30. Rad1 Rxf6 31. Rf1 Ra6 32. Rd7 f5 33. Rb1
Rxa2 34. Rbb7 Rxe2 35. Rg7+ Kh8 36. Rh7+ Kg8 37. Rbg7+ Kf8 38. Rxa7 Kg8 39.
Rhg7+ Kh8 40. Rh7+ Kg8 41. Rhg7+ Kh8 42. Rh7+ 1/2-1/2